Sei Nazioni - Statistics

Statistiche generali
  • Questo quiz è stato fatto 16 volte
  • Il punteggio medio è 5 su 6
Statistiche sulle risposte
Nazionale % Corretto
Francia
100%
Italia
100%
Inghilterra
79%
Galles
71%
Irlanda
71%
Scozia
64%
Nessun quiz corrispondente trovato
Distribuzione punteggi
Percentuale di utenti per punteggio
Percentile per numero di risposta
I tuoi punteggi nel tempo
Non hai fatto questo quiz